000
00320nam a22001457a 4500
008
210514b ||||| |||| 00| 0 eng d
020
_a
9780495565598
041
_a
eng
080
_2
5th
_a
070
082
_a
070
100
_a
40
101
_a
MED
245
_a
Communication in Our Lives
_c
Wood,J.T
942
_2
udc
_c
BK
999
_c
57303
_d
57303